Biología 2 /

Guardado en:
Autor Principal: Copello, Maitena G de
Formato: Libro
Publicado: Buenos Aires : Estrada, 1992
Edición:15a. ed.
Materias:
Etiquetas: Agregar Etiqueta
Sin Etiquetas, Sea el primero en etiquetar este registro!
LEADER 00587nam a22002175a 4500
001 CEM.cems015783
005 20111101171131.0
008 130507s1992##################000#0#####d
003 CEMS
020 |a 9500101092 
082 0 4 |a 574 
100 1 |a Copello, Maitena G de 
245 1 0 |a Biología 2 /  |c Maitena G de Copello y Victoria Peres 
250 |a 15a. ed. 
260 |a Buenos Aires :  |b Estrada,  |c 1992 
300 |a 257 p. 
653 |a Aves 
653 |a Biología 
653 |a Invertebrados 
653 |a Mamíferos 
859 |a CEMS  |b BIB. CEMS - Agricultura  |h 574  |i C79a15  |p A17418.93  |t Ej.1  |v 2  |3 2